Respecting children : social work with young people /

書誌詳細
第一著者: Crompton, Margaret, 1941-
フォーマット: 図書
言語:English
出版事項: London : E. Arnold, 1980.
主題:
Classic Catalogue: View this record in Classic Catalogue
LEADER 00678nam a2200205 a 4500
001 901480
008 090917s1980 enk b 001 0 eng d
010 |a \\\81108725  
020 |a 0713162651 :  |c £4.95 
040 |a DLC  |c DLC  |d DLC 
082 0 0 |a 362.7/95/0941  |2 19 
100 1 |a Crompton, Margaret,  |d 1941- 
245 1 0 |a Respecting children :  |b social work with young people /  |c Margaret Crompton. 
260 |a London :  |b E. Arnold,  |c 1980. 
300 |a 246 p. ;  |c 22 cm. 
504 |a Includes bibliographical references (p. 225-231) and indexes. 
541 1 |e 00006053 
650 0 |a Social work with children  |z Great Britain. 
852 4 |a Ayesha Abed Library  |j General shelf 
999 |c 4094  |d 4094